[Event "Open CapaBlanca"]
[Site "SchemingMind.com"]
[Date "2011.06.06"]
[Round "-"]
[White "SittingBull"]
[Black "keen"]
[Result "1-0"]
[WhiteCountry "CAN"]
[BlackCountry "SCO"]
[WhiteElo "1918"]
[WhiteRD "64"]
[BlackElo "1662"]
[BlackRD "58"]
[GameID "285959"]

1. e4 e6 2. d4 d5 3. Nc3 Nf6 4. Bg5 Be7 5. e5 Nfd7 6. h4 Bxg5 7. hxg5 Qxg5 8. Qd3 h6 9. Nh3 Qe7 10. Qg3 Rg8
11. Bd3 c5 12. Nb5 Nb6 13. Bh7 Rf8 14. Qxg7 cxd4 15. Nd6+ Kd8 16. O-O-O Nc6 17. f4 Bd7 18. Qxh6 Nc4 19. Nxc4 Kc7 20. Nd6
1-0

[Event "Open CapaBlanca"]
[Site "SchemingMind.com"]
[Date "2011.06.06"]
[Round "-"]
[White "otsenrechess"]
[Black "keen"]
[Result "1-0"]
[WhiteCountry "HUN"]
[BlackCountry "SCO"]
[WhiteElo "2304"]
[WhiteRD "86"]
[BlackElo "1662"]
[BlackRD "58"]
[GameID "285960"]

1. c4 c5 2. Nf3 Nc6 3. Nc3 Nf6 4. g3 g6 5. Bg2 Bg7 6. O-O O-O 7. d4 cxd4 8. Nxd4 Qc7 9. Bf4 d6 10. Nxc6 bxc6
11. c5 Rd8 12. cxd6 exd6 13. Qa4 Nh5 14. Qxc6 Qxc6 15. Bxc6 Rb8 16. Bg5 Nf6 17. Ne4 Nxe4 18. Bxd8 Bh3 19. Ba5 Bxf1 20. Rxf1 Nc5
21. b3 Ne6 22. Bd7 Kf8 23. Bxe6 fxe6 24. Bc7
1-0

[Event "Open CapaBlanca"]
[Site "SchemingMind.com"]
[Date "2011.06.08"]
[Round "-"]
[White "concave"]
[Black "keen"]
[Result "1-0"]
[WhiteCountry "GER"]
[BlackCountry "SCO"]
[WhiteElo "2143"]
[WhiteRD "89"]
[BlackElo "1674"]
[BlackRD "61"]
[GameID "285961"]

1. d4 d5 2. c4 e6 3. Nc3 Be7 4. Nf3 Nf6 5. Bf4 c6 6. e3 O-O 7. Bd3 Nbd7 8. c5 Nh5 9. b4 Nxf4 10. exf4 f6
11. O-O Rf7 12. Qc2 Nf8 13. Rfe1 Qc7 14. g3 Bd7 15. Re3 Re8 16. Rae1 Bd8 17. a4 b6 18. Na2 Bc8 19. b5 Bd7 20. Nb4 e5
21. bxc6 Bxc6 22. Nxc6 Qxc6 23. Bb5
1-0

[Event "Open CapaBlanca"]
[Site "SchemingMind.com"]
[Date "2011.06.06"]
[Round "-"]
[White "e_castle3"]
[Black "keen"]
[Result "0-1"]
[WhiteCountry "PHI"]
[BlackCountry "SCO"]
[WhiteElo "1750"]
[WhiteRD "60"]
[BlackElo "1662"]
[BlackRD "58"]
[GameID "285965"]

1. e4 e5 2. Nf3 Nc6 3. Bb5 a6 4. Ba4 Nf6 5. O-O Be7 6. Re1 b5 7. Bb3 O-O 8. c3 d5 9. exd5 Nxd5 10. Nxe5 Nxe5
11. Rxe5 Bb7 12. d4 c6 13. Bxd5 cxd5 14. Nd2 Bd6 15. Re1 Qh4 16. Nf3 Qh5 17. Be3 Bc8 18. Nd2 Qxh2+ 19. Kf1 Qh1+
0-1

[Event "Open CapaBlanca"]
[Site "SchemingMind.com"]
[Date "2011.06.06"]
[Round "-"]
[White "e_castle3"]
[Black "Archon"]
[Result "0-1"]
[WhiteCountry "PHI"]
[BlackCountry "CAN"]
[WhiteElo "1750"]
[WhiteRD "60"]
[BlackElo "1805"]
[BlackRD "54"]
[GameID "285966"]

1. f4 d6 2. Nf3 Bg4 3. Nc3 Bxf3 4. exf3 e6 5. d4 Ne7 6. Be3 g6 7. Qd2 Bg7 8. O-O-O Nd7 9. Bc4 a6 10. h4 h5
11. g4 Kf8 12. Rde1 d5 13. Bd3 c5 14. Be2 Qa5 15. Kb1 c4 16. Rh2 b5 17. Bf1 b4 18. Nd1 c3 19. Qd3 cxb2 20. Nxb2 b3
0-1

[Event "Open CapaBlanca"]
[Site "SchemingMind.com"]
[Date "2011.06.11"]
[Round "-"]
[White "e_castle3"]
[Black "emvarela"]
[Result "1-0"]
[WhiteCountry "PHI"]
[BlackCountry "ARG"]
[WhiteElo "1850"]
[WhiteRD "56"]
[BlackElo "1774"]
[BlackRD "47"]
[GameID "285967"]

1. Nf3 c5 2. e4 d6 3. Bc4 Nf6 4. Nc3 Nc6 5. O-O e6 6. Re1 a6 7. d4 cxd4 8. Nxd4 Be7 9. Nxc6 bxc6 10. e5 dxe5
11. Qxd8+ Bxd8 12. Rxe5 Bc7 13. Re2 O-O 14. h3 Nd5 15. Bd2 Rb8 16. Bb3 Nxc3 17. Bxc3 Rd8 18. a4 a5 19. Bc4 Kf8 20. b3 g6
21. Bd3 Ke7 22. Re3 Bb6 23. Rf3 Bb7 24. Bf6+ Ke8 25. Bxd8 Rxd8 26. h4 c5 27. Bb5+ Ke7 28. Rd3 Rxd3 29. Bxd3 Bc7 30. Rd1 Be5
31. Bb5 Bd6 32. f3 h5 33. Kf2 f6 34. g3 g5 35. hxg5 fxg5 36. Rh1 g4 37. Rxh5 Bxf3 38. Rh7+ Kf6 39. Be2 Bxg3+ 40. Kxg3 Bxe2
41. Rh2 Bf3 42. Rh5 e5 43. Rh6+ Kf5 44. Ra6 Ke4 45. Rxa5 Kd4 46. Rb5 e4 47. Rb8 Kc3 48. Rc8 Kxc2 49. Rb8 e3 50. a5 e2
51. Kf2 g3+ 52. Ke1 g2 53. Rg8 Kxb3 54. a6 Kc2 55. a7 c4 56. Kf2 c3 57. Re8 Kd2 58. Rd8+ Kc1 59. Re8 c2 60. Rxe2 Bc6
61. Re6 Bd5 62. Rd6 Kb1 63. Rb6+ Kc1 64. Rd6 Bf3 65. Rg6 Kb1 66. Rb6+ Kc1 67. Rg6 Kd2 68. Kxf3 c1=Q 69. Rxg2+ Kd3 70. a8=Q Qf1+
71. Kg3 Qe1+ 72. Rf2 Qg1+ 73. Qg2
1-0

[Event "Open CapaBlanca"]
[Site "SchemingMind.com"]
[Date "2011.06.06"]
[Round "-"]
[White "e_castle3"]
[Black "Ayçaguer"]
[Result "1-0"]
[WhiteCountry "PHI"]
[BlackCountry "ARG"]
[WhiteElo "1788"]
[WhiteRD "54"]
[BlackElo "1325"]
[BlackRD "81"]
[GameID "285968"]

1. f4 d5 2. Nf3 Bf5 3. e3 Nf6 4. Be2 h6 5. O-O e6 6. d4 Be7 7. Ne5 O-O 8. Nd2 c5 9. c3 c4 10. Ndf3 Nbd7
11. Nxd7 Nxd7 12. Ne5 Nxe5 13. fxe5 Bh7 14. b3 b5 15. a4 bxa4 16. Rxa4 cxb3 17. Qxb3 a5 18. c4 Be4 19. Bd2 dxc4 20. Bxc4 Rb8
21. Qa2 Bb4 22. Bxb4 axb4 23. Qb3 Qg5 24. Rf2 Rfc8 25. g3 h5 26. Rf4 Bg6 27. Kf2 Rc7 28. Rxb4 Rxb4 29. Qxb4 Kh7 30. h4 Qd8
31. Be2 Rc2 32. e4 Qc8 33. Qb5
1-0

[Event "Open CapaBlanca"]
[Site "SchemingMind.com"]
[Date "2011.06.06"]
[Round "-"]
[White "e_castle3"]
[Black "SittingBull"]
[Result "0-1"]
[WhiteCountry "PHI"]
[BlackCountry "CAN"]
[WhiteElo "1766"]
[WhiteRD "58"]
[BlackElo "1916"]
[BlackRD "63"]
[GameID "285969"]

1. Nc3 d5 2. d4 Bf5 3. Bf4 c6 4. Nf3 Nf6 5. e3 e6 6. Bd3 Bxd3 7. cxd3 Nh5 8. Bg3 Nxg3 9. fxg3 Be7 10. O-O O-O
11. Qb3 Qc7 12. Rac1 a6 13. e4 dxe4 14. dxe4 Nd7 15. Kh1 Rac8 16. Rfe1 Nf6 17. e5 Nd5 18. Ne4 Qb8 19. a3 Qa7 20. Qd3 c5
21. Nc3 Rfd8 22. Qe4 cxd4 23. Nxd4 Nxc3 24. bxc3 Bxa3 25. Rc2 Bc5 26. Nb3 b5 27. Na5 Qb6 28. Ra1 Rd5 29. c4 Rd4 30. Qe2 Bb4
31. Nb3 Rdxc4 32. Rca2 a5 33. h4 a4 34. Nd2 Rc2
0-1

[Event "Open CapaBlanca"]
[Site "SchemingMind.com"]
[Date "2011.06.06"]
[Round "-"]
[White "e_castle3"]
[Black "otsenrechess"]
[Result "0-1"]
[WhiteCountry "PHI"]
[BlackCountry "HUN"]
[WhiteElo "1788"]
[WhiteRD "54"]
[BlackElo "2318"]
[BlackRD "63"]
[GameID "285970"]

1. e4 e5 2. Nf3 Nc6 3. Bb5 a6 4. Ba4 Nf6 5. O-O Be7 6. Re1 b5 7. Bb3 O-O 8. c3 d6 9. d4 Bg4 10. d5 Na5
11. Bc2 c6 12. b4 Nc4 13. dxc6 Qc7 14. h3 Bh5 15. Bd3 Qxc6 16. Nbd2 Nb6 17. Qc2 Rfc8 18. Bb2 Ra7 19. Rac1 Nc4 20. Ba1 Rd7
21. Qb3 d5 22. exd5 Rxd5 23. Bxc4 bxc4 24. Qc2 Bg6 25. Qb2 Bd6 26. Rcd1 a5 27. a3 Bd3 28. Qc1 axb4 29. axb4 Nh5 30. Bb2 Nf4
31. Qa1 Bc7 32. Ba3 Qg6 33. Nh4 Nxh3+
0-1

[Event "Open CapaBlanca"]
[Site "SchemingMind.com"]
[Date "2011.06.08"]
[Round "-"]
[White "e_castle3"]
[Black "concave"]
[Result "0-1"]
[WhiteCountry "PHI"]
[BlackCountry "GER"]
[WhiteElo "1766"]
[WhiteRD "58"]
[BlackElo "2143"]
[BlackRD "89"]
[GameID "285971"]

1. Nc3 e5 2. d4 exd4 3. Qxd4 Nf6 4. Bg5 Be7 5. e4 Nc6 6. Qd1 Nxe4 7. Bxe7 Qxe7 8. Nxe4 Qxe4+ 9. Qe2 d5 10. O-O-O O-O
11. Qb5 Nb4 12. Rd2 Qe1+
0-1

[Event "Open CapaBlanca"]
[Site "SchemingMind.com"]
[Date "2011.06.06"]
[Round "-"]
[White "keen"]
[Black "e_castle3"]
[Result "0-1"]
[WhiteCountry "SCO"]
[BlackCountry "PHI"]
[WhiteElo "1662"]
[WhiteRD "58"]
[BlackElo "1750"]
[BlackRD "60"]
[GameID "285972"]

1. e4 Nc6 2. d4 d5 3. e5 Bf5 4. Bd3 Nxd4 5. Nc3 e6 6. Be3 Bxd3 7. Qxd3 Nc6 8. Nf3 Qd7 9. O-O a6 10. Rad1 O-O-O
11. a3 f6 12. Bf4 g5 13. Bg3 g4 14. Nh4 fxe5 15. Qe2 Bd6 16. Qxg4 Nf6 17. Qh3 Nd4 18. Rfe1 Nxc2 19. Re2 Nd4 20. Red2 Nc6
21. Re1 Rdg8 22. Red1 h6 23. Nf3 d4 24. Ne2 Ne4 25. Rd3 Nxg3 26. hxg3 e4
0-1

[Event "Open CapaBlanca"]
[Site "SchemingMind.com"]
[Date "2011.06.07"]
[Round "-"]
[White "Archon"]
[Black "e_castle3"]
[Result "0-1"]
[WhiteCountry "CAN"]
[BlackCountry "PHI"]
[WhiteElo "1796"]
[WhiteRD "54"]
[BlackElo "1766"]
[BlackRD "58"]
[GameID "285973"]

1. Nf3 Nc6 2. d4 d5 3. g3 g6 4. Bg2 Bg7 5. O-O Nf6 6. c4 e6 7. Nc3 O-O 8. b3 Rb8 9. Bb2 b6 10. Rc1 Bb7
11. e3 Ne7 12. Qe2 a6 13. Ne5 Qd6 14. cxd5 Nfxd5 15. Nxd5 exd5 16. Rfd1 f6 17. Nd3 Rfe8 18. Rc2 c6 19. Rdc1 a5 20. a4 Bc8
21. Ra1 Bf5 22. Ba3 Qd7 23. Rcc1 Rbc8 24. Rc3 Bh3 25. Rac1 Bxg2 26. Kxg2 b5 27. axb5 cxb5 28. Bb2 Nf5 29. Nc5 Qa7 30. Nd3 Rxc3
31. Rxc3 Nxd4 32. Rc8 Nxe2 33. Rxe8+ Kf7 34. Rd8 f5 35. Bd4 Nxd4 36. exd4 Bxd4 37. Kh3 Qb7 38. f4 a4 39. bxa4 bxa4
0-1

[Event "Open CapaBlanca"]
[Site "SchemingMind.com"]
[Date "2011.06.11"]
[Round "-"]
[White "emvarela"]
[Black "e_castle3"]
[Result "1/2-1/2"]
[WhiteCountry "ARG"]
[BlackCountry "PHI"]
[WhiteElo "1750"]
[WhiteRD "48"]
[BlackElo "1788"]
[BlackRD "54"]
[GameID "285974"]

1. e4 c6 2. d4 d5 3. Nc3 dxe4 4. Nxe4 Nd7 5. Bc4 h6 6. Nf3 Ngf6 7. Nxf6+ Nxf6 8. O-O Bg4 9. h3 Bxf3 10. Qxf3 e6
11. Be3 Be7 12. c3 O-O 13. Qg3 Kh8 14. a4 Bd6 15. Qh4 Nh7 16. Qxd8 Rfxd8 17. b4=
1/2-1/2

[Event "Open CapaBlanca"]
[Site "SchemingMind.com"]
[Date "2011.06.07"]
[Round "-"]
[White "Ayçaguer"]
[Black "e_castle3"]
[Result "0-1"]
[WhiteCountry "ARG"]
[BlackCountry "PHI"]
[WhiteElo "1427"]
[WhiteRD "88"]
[BlackElo "1766"]
[BlackRD "58"]
[GameID "285975"]

1. d4 d5 2. c4 Nf6 3. cxd5 Nxd5 4. e4 Nf6 5. Nc3 e6 6. Nf3 Nbd7 7. Be2 Bb4 8. Qd3 O-O 9. O-O b6 10. a3 Bxc3
11. bxc3 Bb7 12. e5 Nd5 13. c4 Ne7 14. Bg5 h6 15. Bh4 Qe8 16. h3 Ng6 17. Bg3 Rd8 18. Qc2 Nb8 19. Rab1 Qe7 20. Rfd1 a5
21. c5 Bxf3 22. Bxf3 bxc5 23. d5 exd5 24. Bxd5 Nd7 25. e6 Nde5 26. exf7+ Kh8 27. Bc4 Nxc4 28. Qxc4 Rxd1+ 29. Rxd1 Qxf7 30. Qxc5 Nf4
31. Rd4 Ne2+
0-1

[Event "Open CapaBlanca"]
[Site "SchemingMind.com"]
[Date "2011.06.06"]
[Round "-"]
[White "SittingBull"]
[Black "e_castle3"]
[Result "1-0"]
[WhiteCountry "CAN"]
[BlackCountry "PHI"]
[WhiteElo "1916"]
[WhiteRD "63"]
[BlackElo "1766"]
[BlackRD "58"]
[GameID "285976"]

1. e4 c6 2. d4 d5 3. e5 Bf5 4. h4 Qc7 5. g4 Be6 6. Nc3 Nd7 7. f4 Nb6 8. f5 Bd7 9. Bd3 O-O-O 10. Be3 e6
11. Qf3 Bb4 12. Ne2 f6 13. exf6 Nxf6 14. O-O-O Rdf8 15. a3 Bd6 16. Bf4 g6 17. g5 Nh5 18. Bxd6 Qxd6 19. f6 Be8 20. Rhf1 h6
21. Nf4 Nxf4 22. Qxf4 Qxf4+ 23. Rxf4 hxg5 24. hxg5 Bf7 25. Be2 Nd7 26. Rff1 Rh4 27. Rh1 Rfh8 28. Bf3 a6 29. Rxh4 Rxh4 30. Rh1 Rxd4
31. Ne2 Ra4 32. c3 Ne5 33. Rh7 Kd7 34. Nd4 Ke8 35. Bd1 Ra5 36. Kc2 Nc4 37. Rh3 c5 38. Nb3 Rb5 39. a4 Rb6 40. Rh8+ Kd7
41. Nxc5+
1-0

[Event "Open CapaBlanca"]
[Site "SchemingMind.com"]
[Date "2011.06.07"]
[Round "-"]
[White "otsenrechess"]
[Black "e_castle3"]
[Result "1-0"]
[WhiteCountry "HUN"]
[BlackCountry "PHI"]
[WhiteElo "2309"]
[WhiteRD "76"]
[BlackElo "1766"]
[BlackRD "58"]
[GameID "285977"]

1. d4 d5 2. c4 Nf6 3. Nf3 e6 4. g3 g6 5. Bg2 Bg7 6. O-O O-O 7. Qc2 dxc4 8. Qxc4 c6 9. Nc3 Nbd7 10. e4 Nb6
11. Qe2 Re8 12. Rd1 Qc7 13. Bf4 Qe7 14. a4 Qb4 15. a5 Nc4 16. Ra4 Qxb2 17. Qxc4 b5 18. axb6 Qxb6 19. Rb1 Qd8 20. Ne5 Bd7
21. Bg5 h6 22. Bxf6 Bxf6 23. Nxd7 Qxd7 24. e5
1-0

[Event "Open CapaBlanca"]
[Site "SchemingMind.com"]
[Date "2011.06.09"]
[Round "-"]
[White "concave"]
[Black "e_castle3"]
[Result "1-0"]
[WhiteCountry "GER"]
[BlackCountry "PHI"]
[WhiteElo "2143"]
[WhiteRD "89"]
[BlackElo "1766"]
[BlackRD "58"]
[GameID "285978"]

1. e4 Nc6 2. d4 d5 3. e5 Bf5 4. Nf3 e6 5. Bd3 Bg6 6. O-O Nge7 7. Bg5 Qd7 8. Bxg6 Nxg6 9. Nbd2 Be7 10. Bxe7 Qxe7
11. c3 f6 12. exf6 gxf6 13. Re1 O-O-O 14. b4 Rde8 15. Qa4 Kb8 16. b5 Nd8 17. Re3 c5 18. bxc6 Nxc6 19. Nb3 Rhg8 20. Nc5 Nf4
21. g3 Qd6 22. Rb1 Re7 23. Kf1 Ng6 24. Rxe6 Rxe6 25. Qa6 Rg7 26. Rxb7+
1-0

[Event "Open CapaBlanca"]
[Site "SchemingMind.com"]
[Date "2011.06.07"]
[Round "-"]
[White "rao"]
[Black "e_castle3"]
[Result "0-1"]
[WhiteCountry "INT"]
[BlackCountry "PHI"]
[WhiteElo "1660"]
[WhiteRD "83"]
[BlackElo "1788"]
[BlackRD "54"]
[GameID "285997"]

1. e4 c6 2. Bc4 d5 3. exd5 cxd5 4. Bb5+ Bd7 5. Bd3 Nf6 6. Nc3 e5 7. Be2 a6 8. Nf3 Nc6 9. d3 h6 10. d4 e4
11. Ne5 Be6 12. a3 Qc7 13. Bf4 Bd6 14. Nxc6 bxc6 15. Be3 O-O 16. Qd2 Rfb8 17. b3 Qe7 18. h4 Bxa3 19. Nd1 Bb4 20. c3 Bd6
21. b4 Bc8 22. Nb2 Qc7 23. Ra5 Ng4 24. Bxg4 Bxg4 25. Na4 Rb5 26. Nc5 Rxa5 27. bxa5 Bxc5 28. dxc5 Qxa5 29. O-O Rb8 30. Bf4 Rb3
31. Be5 Qxc5 32. Qf4 Be6 33. Qg3 Qf8 34. Ra1 Bc8 35. h5 f6 36. Bf4 Kh8 37. Rc1 Qf7 38. Qh2 Bg4 39. Be3 Bxh5 40. Qd6 Qe8
41. c4 Rd3 42. cxd5 cxd5 43. Rb1 Kh7 44. Rb8 Qe5 45. Qxe5 fxe5 46. Rb6 d4 47. Rxa6 dxe3 48. fxe3 Rxe3 49. Re6 Rg3 50. Kf2 Rg5
51. Ke3 Bg6 52. Kf2 h5 53. Rb6 Rf5+ 54. Ke3 Kh6 55. Re6 Rg5 56. Kf2 h4 57. Rb6 Rf5+ 58. Ke3 Kg5 59. Rb4 Rf7 60. Rb5 Re7
61. Rc5 Bf5 62. Rb5 g6 63. Kf2 Kf4 64. Rb3 Rd7 65. Ke2 Rd3 66. Rb4 g5 67. Ra4 g4 68. Rc4 h3 69. gxh3 gxh3 70. Rc1 Bg4+
71. Kf2 Rd2+ 72. Kg1 h2+ 73. Kh1 Bf3#
0-1

[Event "Open CapaBlanca"]
[Site "SchemingMind.com"]
[Date "2011.06.06"]
[Round "-"]
[White "rao"]
[Black "keen"]
[Result "0-1"]
[WhiteCountry "INT"]
[BlackCountry "SCO"]
[WhiteElo "1584"]
[WhiteRD "89"]
[BlackElo "1662"]
[BlackRD "58"]
[GameID "285998"]

1. e4 e6 2. Bc4 d5 3. exd5 exd5 4. Bd3 Nf6 5. h3 Bc5 6. Qe2+ Be6 7. Nf3 O-O 8. O-O Nc6 9. c3 Re8 10. Qd1 h6
11. Bc2 Qd7 12. d4 Bd6 13. Na3 Bxh3 14. gxh3 Qxh3 15. Qd3 Re4 16. Qxe4 Nxe4 17. Bd1 Re8 18. Re1 Re6 19. Ne5 Nxe5 20. Re3 Rg6+
21. Rg3 Nxg3 22. fxg3 Rxg3+ 23. Kf2 Qg2+ 24. Ke1 Nd3#
0-1

[Event "Open CapaBlanca"]
[Site "SchemingMind.com"]
[Date "2011.06.07"]
[Round "-"]
[White "rao"]
[Black "Archon"]
[Result "1-0"]
[WhiteCountry "INT"]
[BlackCountry "CAN"]
[WhiteElo "1650"]
[WhiteRD "83"]
[BlackElo "1796"]
[BlackRD "54"]
[GameID "285999"]

1. e4 d6 2. Bc4 c6 3. Nc3 b5 4. Bb3 g6 5. d3 a5 6. a3 Bg7 7. Qf3 Nf6 8. Bg5 Nbd7 9. d4 O-O 10. Nge2 Bb7
11. Bxf6 Bxf6 12. Rd1 b4 13. axb4 axb4 14. Nb1 c5 15. c3 bxc3 16. bxc3 cxd4 17. cxd4 Qb6 18. O-O Ba6 19. Bd5 Bxe2 20. Qxe2 Bxd4
21. Qd3 Bc5 22. Bxa8 Rxa8 23. Nc3 Ne5 24. Qc2 Kg7 25. Nd5 Qa7 26. Nf4 Qa2 27. Qc3 Ra3 28. Qc1 Ra4 29. Nd5 e6 30. Nc3 Qc4
31. Nxa4 Qxa4 32. Qb1 Qa7 33. Qb2 Kg8 34. Ra1 Qe7 35. Kh1 f5 36. Ra8+ Kg7 37. f4
1-0

[Event "Open CapaBlanca"]
[Site "SchemingMind.com"]
[Date "2011.06.11"]
[Round "-"]
[White "rao"]
[Black "emvarela"]
[Result "0-1"]
[WhiteCountry "INT"]
[BlackCountry "ARG"]
[WhiteElo "1633"]
[WhiteRD "84"]
[BlackElo "1728"]
[BlackRD "46"]
[GameID "286000"]

1. e4 e5 2. Nf3 Nc6 3. Bc4 Bc5 4. d3 h6 5. a3 Nf6 6. b4 Bb6 7. b5 Ne7 8. Nxe5 d5 9. Bb3 Be6 10. Nc3 Bd4
11. Nxf7 Bxc3+ 12. Bd2 Bxd2+ 13. Qxd2 Kxf7 14. e5 Nd7 15. h4 Ng6 16. h5 Ngxe5 17. d4 Ng4 18. Rh3 Qg5 19. Qd3 Rhe8 20. Qf3+ Ngf6
21. Kf1 Bxh3 22. Qxh3 Qxh5 23. Qxh5+ Nxh5 24. Bxd5+ Kf6 25. Bxb7 Rab8 26. Bc6 Red8 27. a4 Nb6 28. a5 Nc4 29. c3 Nd6 30. d5 Nxb5
31. c4 Nc3 32. g4 Nf4 33. a6 Rb4 34. f3 Rxc4 35. Kf2 Ncxd5 36. Bb7 Rc2+ 37. Kg1 Rg2+ 38. Kf1 Ne3+ 39. Ke1 Nd3#
0-1

[Event "Open CapaBlanca"]
[Site "SchemingMind.com"]
[Date "2011.06.06"]
[Round "-"]
[White "rao"]
[Black "Ayçaguer"]
[Result "1-0"]
[WhiteCountry "INT"]
[BlackCountry "ARG"]
[WhiteElo "1584"]
[WhiteRD "89"]
[BlackElo "1458"]
[BlackRD "125"]
[GameID "286001"]

1. e4 e6 2. d4 d5 3. e5 c5 4. c3 Nc6 5. Bb5 Bd7 6. Bxc6 Bxc6 7. Nf3 Qb6 8. Nbd2 f6 9. Nb3 c4 10. Nbd2 Ne7
11. Qe2 Kf7 12. Nh4 f5 13. g4 g6 14. gxf5 gxf5 15. Qh5+ Ng6 16. Nxg6
1-0

[Event "Open CapaBlanca"]
[Site "SchemingMind.com"]
[Date "2011.06.06"]
[Round "-"]
[White "rao"]
[Black "SittingBull"]
[Result "1-0"]
[WhiteCountry "INT"]
[BlackCountry "CAN"]
[WhiteElo "1660"]
[WhiteRD "83"]
[BlackElo "1855"]
[BlackRD "66"]
[GameID "286002"]

1. e4 c5 2. Bc4 e6 3. Nf3 d6 4. d3 Nc6 5. Bb5 Bd7 6. Bxc6 Bxc6 7. Nc3 g6 8. Bg5 Ne7 9. Bf6 Rg8 10. Ng5 h6
11. Nh7 Qc7 12. Qf3 O-O-O 13. Nxf8 Rdxf8 14. a4 d5 15. e5 d4 16. Ne4 Bxe4 17. Qxe4 Nc6 18. c3 g5 19. cxd4 Nxd4 20. O-O Qc6
21. Qxc6+ Nxc6 22. Rac1 b6 23. Rfd1 Nd4 24. Kf1 Kb7 25. Rc4 Kc6 26. b4 Rb8 27. Be7 Nf5 28. Bf6 Kd5 29. bxc5 bxc5 30. Rdc1 Rgc8
31. g4 Nd4 32. Be7 Kxe5 33. Rxc5+ Rxc5 34. Rxc5+ Kf4 35. Bd6+
1-0

[Event "Open CapaBlanca"]
[Site "SchemingMind.com"]
[Date "2011.06.07"]
[Round "-"]
[White "rao"]
[Black "otsenrechess"]
[Result "0-1"]
[WhiteCountry "INT"]
[BlackCountry "HUN"]
[WhiteElo "1633"]
[WhiteRD "84"]
[BlackElo "2315"]
[BlackRD "53"]
[GameID "286003"]

1. e4 e5 2. Nf3 Nc6 3. Bc4 Be7 4. d3 Nf6 5. Nc3 d6 6. h3 Na5 7. Bd5 c6 8. Bb3 Nxb3 9. axb3 O-O 10. Ne2 Qc7
11. Ng3 d5 12. Bg5 dxe4 13. Nxe4 Nxe4 14. dxe4 f6 15. Bh4 Rd8 16. Qe2 Be6 17. O-O a6 18. c4 Rd7 19. Bg3 Rad8 20. Rad1 Bb4
21. Rxd7 Qxd7 22. Nh4 Qd3 23. Qxd3 Rxd3 24. f3 Rxb3 25. Rd1 Bc5+ 26. Kh2 Rxb2 27. Nf5 Bxf5 28. exf5 Bd4 29. h4 a5 30. Ra1 Rxg2+
31. Kxg2 Bxa1 32. Kf1 b5 33. cxb5 cxb5 34. Be1 b4 35. Ke2 g6 36. fxg6 hxg6 37. Kd1 Kf7 38. Kc2 Bc3 39. Bf2 a4 40. Bc5 f5
41. Kb1 Ke6 42. Bf8 Kd5 43. Bh6 Kc4 44. Bc1 Kd3 45. Ka2 Ke2 46. f4 e4 47. Kb1 e3 48. Bxe3 Kxe3 49. Ka2 Kxf4
0-1

[Event "Open CapaBlanca"]
[Site "SchemingMind.com"]
[Date "2011.06.08"]
[Round "-"]
[White "rao"]
[Black "concave"]
[Result "0-1"]
[WhiteCountry "INT"]
[BlackCountry "GER"]
[WhiteElo "1633"]
[WhiteRD "84"]
[BlackElo "2200"]
[BlackRD "89"]
[GameID "286004"]

1. e4 e6 2. d4 d5 3. e5 c5 4. c3 Nc6 5. Bb5 Bd7 6. Bxc6 bxc6 7. Be3 cxd4 8. cxd4 c5 9. Ne2 cxd4 10. Bxd4 Ne7
11. Nbc3 Nf5 12. a3 Be7 13. Ng3 Nxd4 14. Qxd4 O-O 15. O-O Qb6 16. Qd2 Rab8 17. b4 a5 18. Rab1 axb4 19. axb4 Rfc8 20. b5 Qc7
21. Nge2 Qxe5 22. b6 Bc5 23. b7 Rc7 24. Rfe1 Rcxb7 25. Rbc1 Rb2 26. Qd3 R8b3 27. Qa6 Rxc3 28. Rb1 Ra3 29. Qxa3 Bxa3 30. Ra1 Rxe2
31. Reb1 g6 32. g3 Bc5 33. Rf1 Rxf2 34. Ra8+ Kg7 35. Rxf2 Qe1+ 36. Kg2 Qxf2+ 37. Kh3 e5+ 38. g4 Qf3+ 39. Kh4 Qxg4#
0-1

[Event "Open CapaBlanca"]
[Site "SchemingMind.com"]
[Date "2011.06.07"]
[Round "-"]
[White "e_castle3"]
[Black "rao"]
[Result "0-1"]
[WhiteCountry "PHI"]
[BlackCountry "INT"]
[WhiteElo "1766"]
[WhiteRD "58"]
[BlackElo "1650"]
[BlackRD "83"]
[GameID "286005"]

1. Nf3 d5 2. d4 Bf5 3. Bf4 e6 4. e3 a6 5. Bd3 Bg4 6. h3 Bh5 7. Nbd2 Bb4 8. c3 Ba5 9. Qa4+ c6 10. b4 Bc7
11. Bxc7 Qxc7 12. O-O b5 13. Qc2 Nd7 14. a4 Nb6 15. a5 Nc4 16. Nxc4 dxc4 17. Be2 Nf6 18. Rfe1 Bg6 19. Qc1 O-O 20. Bf1 Ne4
21. Nd2 Rad8 22. g3 e5 23. Bg2 Nxd2 24. Qxd2 e4 25. Kh2 h5 26. h4 Rd6 27. Rf1 Rfd8 28. f3 Re6 29. Qe2 Bf5 30. fxe4 Bxe4
31. Bh3 Rg6 32. Rg1 Re8 33. Raf1 Bd3 34. Qxh5 Bxf1 35. Bxf1 Rxe3
0-1

[Event "Open CapaBlanca"]
[Site "SchemingMind.com"]
[Date "2011.06.07"]
[Round "-"]
[White "keen"]
[Black "rao"]
[Result "0-1"]
[WhiteCountry "SCO"]
[BlackCountry "INT"]
[WhiteElo "1674"]
[WhiteRD "61"]
[BlackElo "1650"]
[BlackRD "83"]
[GameID "286006"]

1. e4 e5 2. Nf3 d6 3. d4 Bg4 4. h3 Bh5 5. dxe5 dxe5 6. Qxd8+ Kxd8 7. Nxe5 Nd7 8. Nd3 Bd6 9. Nc3 Ne5 10. Nxe5 Bxe5
11. Bd2 Nf6 12. Bc4 Bg6 13. O-O-O Ke7 14. Bg5 Rhe8 15. Nd5+ Kf8 16. f3 h6 17. Be3 c6 18. Nxf6 gxf6 19. Bxh6+ Kg8 20. h4 b5
21. Bb3 c5 22. Bd5 Rab8 23. f4 Bd4 24. f5 Bh5 25. Rd3 Kh7 26. Bf4 Rbc8 27. g4 Bxg4 28. Bxf7 Rxe4 29. Bg6+ Kg8 30. h5 Rxf4
31. h6 Bxf5 32. h7+ Kh8
0-1

[Event "Open CapaBlanca"]
[Site "SchemingMind.com"]
[Date "2011.06.07"]
[Round "-"]
[White "Archon"]
[Black "rao"]
[Result "0-1"]
[WhiteCountry "CAN"]
[BlackCountry "INT"]
[WhiteElo "1796"]
[WhiteRD "54"]
[BlackElo "1650"]
[BlackRD "83"]
[GameID "286007"]

1. Nf3 d5 2. c4 Bf5 3. e3 Nf6 4. Nc3 e6 5. d4 Bb4 6. Bd3 Ne4 7. Bxe4 Bxe4 8. O-O Bxc3 9. bxc3 dxc4 10. a4 Qf6
11. Ba3 Bd3 12. Re1 Nd7 13. a5 b6 14. axb6 axb6 15. Bb4 Rb8 16. Ra7 c5 17. Ba3 Rd8 18. Qa4 Be4 19. Ne5 Qe7 20. Rb1 O-O
21. Nxd7 Bxb1 22. Nxf8 Qxf8 23. f3 Bd3 24. Qc6 Qe8 25. Qxb6 cxd4 26. cxd4 Rb8 27. Qc7 Rb1+ 28. Kf2 h5 29. Kg3 g5 30. h4 gxh4+
31. Kf4 Rg1 32. Be7 Rxg2 33. Bxh4 c3 34. Rb7 Rb2 35. Qxc3 Rxb7 36. Qxd3 e5+ 37. dxe5 Rb4+ 38. e4 Rb6 39. Bf6 Qf8 40. Kg3 Rb8
41. Qe3 Kh7 42. Kh4 Rb1 43. Kxh5 Rh1+ 44. Kg5 Qh6+ 45. Kf5 Qxe3 46. f4 Qh3+ 47. Kg5 Rg1#
0-1

[Event "Open CapaBlanca"]
[Site "SchemingMind.com"]
[Date "2011.06.11"]
[Round "-"]
[White "emvarela"]
[Black "rao"]
[Result "1-0"]
[WhiteCountry "ARG"]
[BlackCountry "INT"]
[WhiteElo "1750"]
[WhiteRD "48"]
[BlackElo "1660"]
[BlackRD "83"]
[GameID "286008"]

1. e4 e5 2. Nf3 Nc6 3. d4 exd4 4. c3 dxc3 5. Bc4 d6 6. Nxc3 Bg4 7. h3 Bh5 8. Qd5 Nf6 9. Qb5 Rb8 10. Bg5 Be7
11. Nd5 O-O 12. Bxf6 Bxf6 13. Nxf6+ Qxf6 14. Be2 Bxf3 15. Bxf3 Nd4 16. Qd3 Nxf3+ 17. gxf3 Qxb2 18. Rd1 Qxa2 19. Rg1 Rbd8 20. Qd4 Qa5+
21. Ke2 d5 22. Qxg7#
1-0

[Event "Open CapaBlanca"]
[Site "SchemingMind.com"]
[Date "2011.06.07"]
[Round "-"]
[White "Ayçaguer"]
[Black "rao"]
[Result "0-1"]
[WhiteCountry "ARG"]
[BlackCountry "INT"]
[WhiteElo "1325"]
[WhiteRD "81"]
[BlackElo "1660"]
[BlackRD "83"]
[GameID "286009"]

1. e4 e5 2. Nf3 Nc6 3. d4 d6 4. c3 Bg4 5. Be2 Nf6 6. d5 Ne7 7. Qc2 Ng6 8. O-O h6 9. Be3 Nf4 10. Bxf4 exf4
11. Nbd2 a6 12. Rfe1 Bxf3 13. Bxf3 Be7 14. e5 dxe5 15. Rxe5 O-O 16. Rae1 Bd6 17. R5e2 a5 18. c4 b6 19. a3 Rb8 20. Ne4 b5
21. c5 Be5 22. Nxf6+ Bxf6 23. b4 a4 24. Qf5 Bg5 25. h3 g6 26. Qe4 h5 27. Qd3 c6 28. d6 Qd7 29. Qe4 Rbd8
0-1